Sorga perkawinan (rumah tangga bahagia) (Record no. 62160)

MARC details
000 -LEADER
fixed length control field 00646cam a22002291 4500
001 - CONTROL NUMBER
control field sa 65001680
003 - CONTROL NUMBER IDENTIFIER
control field DLC
005 - DATE AND TIME OF LATEST TRANSACTION
control field 20260227112110.0
008 - FIXED-LENGTH DATA ELEMENTS--GENERAL INFORMATION
fixed length control field 841015s1963 io a 000 0 ind
010 ## - LIBRARY OF CONGRESS CONTROL NUMBER
LC control number sa 65001680
025 ## - OVERSEAS ACQUISITION NUMBER
Overseas acquisition number PL480:Indo-1288
035 ## - SYSTEM CONTROL NUMBER
System control number (OCoLC)11267330
040 ## - CATALOGING SOURCE
Original cataloging agency DLC
Transcribing agency WU
Modifying agency DLC
042 ## - AUTHENTICATION CODE
Authentication code premarc
050 00 - LIBRARY OF CONGRESS CALL NUMBER
Classification number HQ56
Item number .N19 1963
100 1# - MAIN ENTRY--PERSONAL NAME
Personal name Nasution, Amir Taat.
245 10 - TITLE STATEMENT
Title Sorga perkawinan (rumah tangga bahagia)
Statement of responsibility, etc. oleh Amirtaat Nasution.
250 ## - EDITION STATEMENT
Edition statement Tjet. 9, diperbaiki dan bergaja baru.
260 ## - PUBLICATION, DISTRIBUTION, ETC.
Place of publication, distribution, etc. Djakarta,
Name of publisher, distributor, etc. Sinar Pagi,
Date of publication, distribution, etc. 1963.
300 ## - PHYSICAL DESCRIPTION
Extent 108 p.
Other physical details illus.
Dimensions 19 cm.
650 #0 - SUBJECT ADDED ENTRY--TOPICAL TERM
Topical term or geographic name entry element Sex instruction.

No items available.

Powered by Koha